Mechanical engineering practice; (Record no. 545304)
[ view plain ]
| 000 -LEADER | |
|---|---|
| fixed length control field | 00610cam a22001931 4500 |
| 082 ## - DEWEY DECIMAL CLASSIFICATION NUMBER | |
| Classification number | 621 |
| Author Mark | SHO |
| -- | L-13, P-44 |
| 100 1# - MAIN ENTRY--PERSONAL NAME | |
| Personal name | Shoop, Charles Franklin, |
| 9 (RLIN) | 41115 |
| 245 10 - TITLE STATEMENT | |
| Title | Mechanical engineering practice; |
| Remainder of title | a laboratory reference text. |
| 250 ## - EDITION STATEMENT | |
| Edition statement | 4th ed. |
| 260 ## - PUBLICATION, DISTRIBUTION, ETC. | |
| Place of publication, distribution, etc. | New York, |
| Name of publisher, distributor, etc. | McGraw-Hill Book Co., |
| Date of publication, distribution, etc. | 1949. |
| 300 ## - PHYSICAL DESCRIPTION | |
| Extent | 513 p. |
| 526 ## - STUDY PROGRAM INFORMATION NOTE | |
| Program name | 0 |
| Interest level | 0 |
| Reading level | 0 |
| Title point value | 621_000000000000000_SHO |
| 526 ## - STUDY PROGRAM INFORMATION NOTE | |
| Program name | 0 |
| Interest level | 0 |
| Reading level | 0 |
| Title point value | 621_000000000000000_SHO |
| 650 #0 - SUBJECT ADDED ENTRY--TOPICAL TERM | |
| Topical term or geographic name entry element | MCE |
| 9 (RLIN) | 379 |
| 650 #0 - SUBJECT ADDED ENTRY--TOPICAL TERM | |
| Topical term or geographic name entry element | Mechanical engineering laboratories. |
| 9 (RLIN) | 41029 |
| 650 #0 - SUBJECT ADDED ENTRY--TOPICAL TERM | |
| Topical term or geographic name entry element | Mechanical engineering. |
| 700 1# - ADDED ENTRY--PERSONAL NAME | |
| Personal name | Tuve, George L. |
| 9 (RLIN) | 41116 |
| 942 ## - ADDED ENTRY ELEMENTS (KOHA) | |
| Source of classification or shelving scheme | |
| Koha item type | Book |
| Withdrawn status | Lost status | Source of classification or shelving scheme | Damaged status | Not for loan | Permanent Location | Current Location | Date acquired | Total Checkouts | Full call number | Barcode | Date last seen | Price effective from | Koha item type |
|---|---|---|---|---|---|---|---|---|---|---|---|---|---|
| Military College of Engineering (MCE) | Military College of Engineering (MCE) | 05/21/2014 | 621 SHO | MCE-30435 | 05/21/2014 | 05/21/2014 | Book | ||||||
| Military College of Engineering (MCE) | Military College of Engineering (MCE) | 05/21/2014 | 621 SHO | MCE-30287 | 05/21/2014 | 05/21/2014 | Book |
